000 00783nac a22002537a 4500
001 BR8305401
003 BR-BrBNA
005 20240105115853.0
008 230509b bl.|||m| |||| 00| 0 por d
040 _aBR-BrBNA
_bpor
_cBiblioteca Nacional de Agricultura
072 _aH10
090 _a4020 BR8305401
100 1 _aNogueira, S.B.
110 1 _aUniversidade Federal de Vicosa, MG (Brasil). Conselho de Extensao
_910969
245 1 _aFormigas caseiras
260 3 _aVicosa, MG (Brasil):
_c1983.
300 _a2 p.
490 _aInforme Tecnico - Universidade Federal de Vicosa. Conselho de Extensao (Brazil)
_vno. 32
_x
650 _aFORMIGA
650 _aCONTROLE QUIMICO
650 _aISCA
909 _a202312
_bLúcia Elande
_c55
_dLúcia Elande
942 _2AGRIS
_n0
_cMS
999 _c276819
_d276819